000 00289nam a2200121Ia 4500
008 191201s2013 xx 000 0 und d
100 _aBAGCHI, Soumendra Narain
245 0 _aPerformance Management
260 _bCengage Learning
_c2013
300 _a387
650 _aMBA
942 _2ddc
_cBK
999 _c6930
_d6930